Los Campeones del mundo de Hokey sobre patines entregan una medalla conmemorativa al presidente
Descripción Física:
Il·lustracions
Colección:
San Jorge,
; núm. 15 (juliol 1954), pàg 109
Materias:
Buxó de Abaigar, Joaquín, -- marqués de Castell-Florite, -- 1905-1979 -- Medalles
; Hoquei sobre patins -- Espanya
Idioma:
Español
MARC
| LEADER | 00000naa a2200000 a 4500 | ||
|---|---|---|---|
| 003 | Arxiu | ||
| 005 | 20260324181038.0 | ||
| 008 | 160829s1954 spcaxx s spa c | ||
| 040 | |a AGDB | ||
| 245 | 0 | 4 | |a Los Campeones del mundo de Hokey sobre patines entregan una medalla conmemorativa al presidente |
| 300 | |b Il·lustracions | ||
| 490 | |a San Jorge, |v núm. 15 (juliol 1954), pàg 109 | ||
| 500 | |a Fotografia: Domínguez | ||
| 600 | 1 | 0 | |a Buxó de Abaigar, Joaquín, |c marqués de Castell-Florite, |d 1905-1979 |x Medalles |9 54782 |
| 650 | 0 | |a Hoquei sobre patins |z Espanya |9 30457 | |
| 773 | |g Núm. 15 (juliol 1954), pàg 109 |t San Jorge. | ||
| 901 | |a Arxiu | ||
| 942 | |n 1 |2 udc |c ART | ||
| 952 | |0 0 |1 0 |4 0 |6 REV509 |7 1 |9 65010 |a Arxiu |b Arxiu |d 2023-01-10 |l 0 |o Rev-509 |r 2023-01-10 00:00:00 |w 2023-01-10 |y ARXIU |z També disponible a Rev-523 | ||
| 999 | |c 48775 |d 48775 | ||